| 000 | 01871nam a2200397 c 4500 | ||
|---|---|---|---|
| 003 | BLK | ||
| 005 | 20250417145001.0 | ||
| 008 | 180408b bul|||||r ||||||| ||bul|| | ||
| 010 | _aKNG00082632000 | ||
| 020 |
_a978-954-21-0336-3 _bиздат.: Наука и икономика |
||
| 040 | _aBLK | ||
| 041 |
_aBUL _cBUL |
||
| 080 |
_aИкономически науки в цялост. Политическа икономия. Вж и 338 ; 65 _b330 _x(079)(075.4) _z330(079)(075.4) |
||
| 100 | 1 |
_aЯкимова, Ивона Георгиева _eпърви автор _9259446 |
|
| 700 |
_aМладенова, Зоя Костова _9298618 |
||
| 700 | 1 |
_aВладимиров, Владимир Петров _eсъавт. _9298619 |
|
| 139 |
_aЯкимова, Ивона Георгиева и др. _bЯ 32 |
||
| 245 | 1 | 0 |
_aТест за приемен изпит по икономика _cИвона Георгиева Якимова; съавт. Зоя Костова Младенова; съавт. Владимир Петров Владимиров. |
| 257 | _aBGR | ||
| 260 |
_аВарна _bНаука и икономика _c2008 |
||
| 300 |
_a123 с. _bс табл., диагр. _c22 см |
||
| 380 | _a3 | ||
| 500 | _aАвт. не са отбелязани на кор. | ||
| 650 | 4 |
_aИкономически науки _9254130 |
|
| 650 | 4 |
_aУчебници - за средните училища _9265747 |
|
| 653 | _aикономически науки | ||
| 653 | _aтестове | ||
| 653 | _aкандидатстудентски изпити | ||
| 653 | _aучебници за средни училища | ||
| 852 | _aЦб 239219 | ||
| 856 | 4 |
_qpdf _u |
|
| 856 | 4 |
_qpdf _u |
|
| 942 |
_cKNG _n0 _02 |
||
| 944 |
_aCR _c25.03.2008 _k30576 _lЦветомила Тодорова |
||
| 944 |
_aED _c15.11.2016 _kВиолета_Тройчева |
||
| 999 |
_c78167 _d78167 |
||